| 000 | 00478nam a2200169Ia 4500 | ||
|---|---|---|---|
| 008 | 150610s9999 xx 000 0 und d | ||
| 020 | _a9780142406632 | ||
| 050 |
_aPZ7 _b.F598284Ru 2005 |
||
| 100 | _aFlanagan, John | ||
| 245 | 4 |
_aThe ruins of Gorlan / _cJohn Flanagan. |
|
| 250 | _a1st American ed. | ||
| 260 |
_aNew York : _bPuffin Books, _c2005. |
||
| 300 |
_a249pages ; _c20 cm. |
||
| 440 |
_aRanger's Apprentice; bk. 1 _vv.1 |
||
| 520 | _aFiction. | ||
| 650 | _xFantasy. | ||
| 999 |
_c287891 _d287891 |
||